All Darts World Championship Finalists - Statistics

General Stats
  • This quiz has been taken 185 times
    10 since last reset
  • The average score is 95 of 160
Answer Stats
Year Answer % Correct
2026 Gian van Veen
100%
2016 Jeff Smith
100%
2024 Luke Humphries
100%
2024 | 2025 | 2026 Luke Littler
100%
2019 | 2022 | 2023 Michael Smith
100%
2013 | 2014 | 2017 | +4 others Michael van Gerwen
100%
2014 | 2020 | 2022 Peter Wright
100%
1990 | 1992 | 1994 | +18 others Phil Taylor
100%
2018 Rob Cross
100%
2011 | 2012 | 2016 Adrian Lewis
83%
1993 Alan Warriner-Little
83%
1988 Bob Anderson
83%
2011 | 2015 | 2016 | +2 others Gary Anderson
83%
2021 Gerwyn Price
83%
1994 | 2001 | 2003 | 2008 John Part
83%
1995 | 1998 | 1999 | +5 others Raymond van Barneveld
83%
1991 | 1994 | 1996 | +3 others Dennis Priestley
67%
1980 | 1981 | 1983 | +7 others Eric Bristow
50%
2025 Jimmy van Schie
50%
2025 Mitchell Lawrie
50%
2024 Paul Lim
50%
1999 | 2002 | 2006 Peter Manley
50%
2024 Shane McGuirk
50%
2014 Stephen Bunting
50%
2023 Andy Baetens
33%
2004 Andy Fordham
33%
1980 | 1994 Bobby George
33%
2012 Christian Kist
33%
2010 Dave Chisnall
33%
1984 | 1986 Dave Whitecombe
33%
2017 | 2018 | 2019 Glen Durrant
33%
2006 Jelle Klaasen
33%
2020 Jim Williams
33%
1982 | 1989 Jocky Wilson
33%
1978 | 1979 | 1981 | +5 others John Lowe
33%
2001 John Walton
33%
1983 Keith Deller
33%
2004 Kevin Painter
33%
2008 Kirk Shepherd
33%
1978 | 1979 Leighton Rees
33%
1997 Les Wallace
33%
2018 Mark McGeeney
33%
2008 Mark Webster
33%
1997 Marshall James
33%
2005 | 2007 | 2010 | +2 others Martin Adams
33%
2002 | 2004 Mervyn King
33%
1992 Mike Gregory
33%
2007 Phill Nixon
33%
1999 | 2000 Ronnie Baxter
33%
2015 Scott Mitchell
33%
2013 | 2016 | 2019 Scott Waites
33%
2008 | 2010 Simon Whitlock
33%
1996 Steve Beaton
33%
2000 | 2001 | 2009 Ted Hankey
33%
2022 Thibault Tricole
33%
2002 Tony David
33%
2009 | 2012 | 2013 Tony O´Shea
33%
2020 Wayne Warren
33%
2012 Andy Hamilton
17%
2023 Chris Landman
17%
2017 Danny Noppert
17%
2011 Dean Winstanley
17%
2005 Mark Dudbridge
17%
2022 Neil Duff
17%
1995 | 1996 | 1998 Richie Burnett
17%
1995 Rod Harrington
17%
2014 Alan Norris
0%
2003 Richie Davies
0%
No matching quizzes found
Score Distribution
Percent of People with Each Score
Percentile by Number Answered
Your Score History
You have not taken this quiz since the last reset